Aretinova mapa Českého království
| Titel: | Aretinova mapa Českého království / Eva Novotná, Mirka Tröglová Sejtková, Miroslav Čábelka, Josef Paták |
|---|---|
| Verfasser: | ; ; ; |
| Körperschaft: | |
| Ausgabe: | První vydání |
| Veröffentlicht: | Praha : Univerzita Karlova, nakladatelství Karolinum, 2021 |
| Umfang: | 241 Seiten, 1 ungezähltes Blatt Bildtafeln : Illustrationen, Porträts, Karten (farbig) ; 24 cm + Beilage: 1 Karte (71 x 92 cm, gefaltet 24 x 16 cm) |
| Format: | Buch |
| Sprache: | Tschechisch |
| Schriftenreihe/ mehrbändiges Werk: |
Monumenta cartographica Bohemiae |
| ISBN: | 9788024647975 |
| Hinweise zum Inhalt: |
Literaturverzeichnis
Inhaltsverzeichnis Cover Abstract |
alg: 48611776 001A $03004:07-10-21 001B $01999:15-11-25 $t16:16:32.000 001D $03004:07-10-21 001U $0utf8 001X $00 002@ $0Aau 002C $aText $btxt $2rdacontent 002D $aohne Hilfsmittel zu benutzen $bn $2rdamedia 002E $aBand $bnc $2rdacarrier 003@ $0486117766 004A $A978-80-246-4797-5 006C $01261742795 $aOCoLC 007A $0BV047379115 $aBVB 007G $0DE020E9C8F41978190E90C125879E00477299 009P $qapplication/pdf $3Literaturverzeichnis $uhttp://bvbr.bib-bvb.de:8991/F?func=service&doc_library=BVB01&local_base=BVB01&doc_number=032780742&sequence=000003&line_number=0002&func_code=DB_RECORDS&service_type=MEDIA $mDigitalisierung BSB München 25 - ADAM Catalogue Enrichment 009P $qapplication/pdf $A2 $3Inhaltsverzeichnis $uhttp://scans.hebis.de/HEBCGI/show.pl?48611776_toc.pdf $mV:DE-603;B:DE-Mb50 009P $qapplication/pdf $A2 $3Cover $uhttp://scans.hebis.de/HEBCGI/show.pl?48611776_cov.pdf $mV:DE-603;B:DE-Mb50 009P $qapplication/pdf $A2 $3Abstract $uhttp://scans.hebis.de/HEBCGI/show.pl?48611776_sum.pdf $mV:DE-603;B:DE-Mb50 010@ $acze 010E $erda 011@ $a2021 $n2021 021A $aAretinova mapa Českého království $hEva Novotná, Mirka Tröglová Sejtková, Miroslav Čábelka, Josef Paták 028A $BVerfasser $4aut $71152103474 $8Novotná, Eva$Z1965- [Tp3] $9425792528 028C $BVerfasser $4aut $7 $8Tröglová Sejtková, Mirka [Tnu] $9441465137 028C $BVerfasser $4aut $8Čábelka, Miroslav [Tnu] $9486117812 028C $BVerfasser $4aut $8Paták, Josef [Tnu] $9486117855 029F $BHerausgebendes Organ $RČeská Universita Karlo-Ferdinandova $#Universita Karlova $#Karls-Universität Univerzita Karlova $#Universitas Carolina $#Universidad Carolina $#Karlova Universita $#Université Charles $#Karlov Universitet $#Caroline University $#Česká Universita Karlova $#Collegium Caroli $#Böhmische Karls-Universität $#Charles University $#Karolinum Prag $#Universitas Carolina Pragensis $#Universitatis Scolarium Studii Pragensis $#Universidad Prag $#Karelsuniversiteit $#UK $#Univerzita Karlova v Praze $#Karls-Universität Prag $#Karlsuniversität Prag $#Prager Karlsuniversität $#Prager Karls-Universität $#Karlov universitet v Prage $4isb $73511-7 $8Univerzita Karlova [Tb1] $9040165582 032@ $aPrvní vydání 033A $pPraha $nUniverzita Karlova, nakladatelství Karolinum 034D $a241 Seiten, 1 ungezähltes Blatt Bildtafeln 034I $a24 cm 034K $aBeilage: 1 Karte (71 x 92 cm, gefaltet 24 x 16 cm) 034M $aIllustrationen, Porträts, Karten (farbig) 036G $aMonumenta cartographica Bohemiae 037A $aLiteraturverzeichnis Seite 109-113 037A $aEnthält 3 Tabellen 037A $aV tiráži chybné vročení: 2020 037A $aŽivot a dílo Pavla Aretina z Ehrenfeldu, jehož mapa Nový a přesný popis Království českého vyšla poprvé roku 1619 (další vydání 1632, 1665, před 1747) 039C $aBeilage $tRegni Bohemiae nova et exacta descriptio $h1 Karte, gefaltet, farbig $lAretin z Ehrenfeldu, Pavel, ca 1570-1640 044K $RTschechien $#Böhmische Kronländer $#Länder der Böhmischen Krone $#Sudetenland $#Böhmen $#Mähren $#Mährisch-Schlesien $#Österreichisch-Schlesien $#Tschechische Sozialistische Republik Böhmische Länder $#Tschechei Böhmische Länder $#Země koruny české $74069573-6 $8Böhmische Länder [Tg1] $9085195553 044K $RKarte $#Historical geography Maps $#Géographie historique Cartes $#Historia universal Atlas $#Alte Karte $#Historische Karte Formangabe $74611904-8 $8Altkarte [Ts1] $9094333912 044K $RKartografie $#Cartography, Prehistoric $#Cartographie préhistorique $#Historische Kartographie $74025109-3 $8Historische Kartografie [Ts1] $9085062375 044K $RName $#Names, Geographical $#Noms géographiques $#Nombres geográficos $#Geographischer Name $#Geografische Onomatologie $#Geografische Namen $74130377-5 $8Geografischer Name [Ts1] $9085460664 045F $a911.437109032 $eDDC23BSB 045F/01 $a911 045F/03 $f09032 045F/03 $f09033 045F/03 $g4371 045R $aGeschichte 1619 045T $aOST $qDE-12 $2FID lok: 48611776 24 exp: 48611776 24 1 #EPN 201B/01 $007-10-21 $t14:47:01.000 201C/01 $029-05-21 201U/01 $0utf8 203@/01 $01155129954 208@/01 $a07-10-21 $bz 209A/01 $a21.03247 $du $f050 $h21 03247 $x00 209C/01 $a21.03247 K $h21 03247 K 209G/01 $a74253369 $x00 220C/01 $akon 247C/01 $8358050-7Marburg, Bibliothek des Herder-Instituts Marburg $9102600961 lok: 48611776 78 exp: 48611776 78 1 #EPN 201B/01 $010-06-22 $t11:53:38.000 201C/01 $010-06-22 201U/01 $0utf8 203@/01 $01203338228 208@/01 $a10-06-22 $be 209A/01 $a/ $f000 $x00 209A/01 $ab*p $x01 220C/01 $apgar 244Z/01 $#Böhmische Kronländer $#Länder der Böhmischen Krone $#Sudetenland $#Böhmen $#Mähren $#Mährisch-Schlesien $#Österreichisch-Schlesien $#Tschechische Sozialistische Republik Böhmische Länder $#Tschechei Böhmische Länder $#Země koruny české $74069573-6 $8--Tg1--Böhmische Länder $x01 $9085195553 247C/01 $82080>Marburg/Lahn, Herder-Institut, Forschungsbibliothek, Bibliographieportal $9336309341
| LEADER | 00000cam a2200000 c 4500 | ||
|---|---|---|---|
| 001 | 486117766 | ||
| 003 | DE-603 | ||
| 005 | 20251115161632.0 | ||
| 007 | tu | ||
| 008 | 211007s2021 xx |||| | u00||u|cze c | ||
| 020 | |a 9788024647975 | ||
| 035 | |a (DE-599)BVBBV047379115 | ||
| 040 | |a DE-603 |b ger |c DE-603 |d DE-603 |e rda | ||
| 041 | |a cze | ||
| 082 | 0 | 4 | |8 1\u |a 911.437109032 |q DE-101 |2 23/BSB |
| 084 | |a OST |q DE-12 |2 fid | ||
| 085 | |8 1\u |b 911 | ||
| 085 | |8 1\u |z 1 |s 09032 | ||
| 085 | |8 1\u |z 1 |s 09033 | ||
| 085 | |8 1\u |z 2 |s 4371 | ||
| 100 | 1 | |a Novotná, Eva |d 1965- |e Verfasser |4 aut |0 (DE-603)425792528 |0 (DE-588)1152103474 |2 gnd | |
| 245 | 0 | 0 | |a Aretinova mapa Českého království |c Eva Novotná, Mirka Tröglová Sejtková, Miroslav Čábelka, Josef Paták |
| 250 | |a První vydání | ||
| 264 | 1 | |a Praha |b Univerzita Karlova, nakladatelství Karolinum |c 2021 | |
| 300 | |a 241 Seiten, 1 ungezähltes Blatt Bildtafeln |b Illustrationen, Porträts, Karten (farbig) |c 24 cm |e Beilage: 1 Karte (71 x 92 cm, gefaltet 24 x 16 cm) | ||
| 336 | |a Text |b txt |2 rdacontent | ||
| 337 | |a ohne Hilfsmittel zu benutzen |b n |2 rdamedia | ||
| 338 | |a Band |b nc |2 rdacarrier | ||
| 490 | 0 | |a Monumenta cartographica Bohemiae | |
| 500 | |a Literaturverzeichnis Seite 109-113 | ||
| 500 | |a Enthält 3 Tabellen | ||
| 500 | |a V tiráži chybné vročení: 2020 | ||
| 500 | |a Život a dílo Pavla Aretina z Ehrenfeldu, jehož mapa Nový a přesný popis Království českého vyšla poprvé roku 1619 (další vydání 1632, 1665, před 1747) | ||
| 648 | 7 | |a Geschichte 1619 |2 gnd | |
| 650 | 7 | |a Altkarte |0 (DE-588)4611904-8 |0 (DE-603)094333912 |2 gnd | |
| 650 | 7 | |a Historische Kartografie |0 (DE-588)4025109-3 |0 (DE-603)085062375 |2 gnd | |
| 650 | 7 | |a Geografischer Name |0 (DE-588)4130377-5 |0 (DE-603)085460664 |2 gnd | |
| 651 | 7 | |a Böhmische Länder |0 (DE-588)4069573-6 |0 (DE-603)085195553 |2 gnd | |
| 700 | 1 | |a Tröglová Sejtková, Mirka |e Verfasser |4 aut |0 (DE-603)441465137 | |
| 700 | 1 | |a Čábelka, Miroslav |e Verfasser |4 aut |0 (DE-603)486117812 | |
| 700 | 1 | |a Paták, Josef |e Verfasser |4 aut |0 (DE-603)486117855 | |
| 710 | 2 | |a Univerzita Karlova |e Herausgebendes Organ |4 isb |0 (DE-603)040165582 |0 (DE-588)3511-7 |2 gnd | |
| 770 | 0 | 8 | |i Beilage |a Aretin z Ehrenfeldu, Pavel, ca 1570-1640 |t Regni Bohemiae nova et exacta descriptio |h 1 Karte, gefaltet, farbig |
| 856 | 4 | 2 | |m Digitalisierung BSB München 25 - ADAM Catalogue Enrichment |q application/pdf |u http://bvbr.bib-bvb.de:8991/F?func=service&doc_library=BVB01&local_base=BVB01&doc_number=032780742&sequence=000003&line_number=0002&func_code=DB_RECORDS&service_type=MEDIA |3 Literaturverzeichnis |
| 856 | 4 | 2 | |m V:DE-603;B:DE-Mb50 |q application/pdf |u http://scans.hebis.de/HEBCGI/show.pl?48611776_toc.pdf |3 Inhaltsverzeichnis |
| 856 | 4 | 2 | |m V:DE-603;B:DE-Mb50 |q application/pdf |u http://scans.hebis.de/HEBCGI/show.pl?48611776_cov.pdf |3 Cover |
| 856 | 4 | 2 | |m V:DE-603;B:DE-Mb50 |q application/pdf |u http://scans.hebis.de/HEBCGI/show.pl?48611776_sum.pdf |3 Abstract |
| 924 | 0 | |9 Mb 50 |a (DE-603)1155129954 |b DE-Mb50 |c HES |d c |g 21.03247 | |
| 924 | 0 | |9 2080 |a (DE-603)1203338228 |b DE-2080 |c HES |d d |g / | |


